000 00713nam a2200205 i 4500
001 169266
003 ES-MaACL
005 20250831072600.0
007 t|
008 080827s1924 sp ||||1| spa d
080 _a27
100 1 _aMarx, Jakob.
_978588
245 1 0 _aCompendio de historia de la Iglesia /
_ccompuesto en alemán por Jakob Marx ; nueva edición corregida y aumentada conforme a la octava original por Ramón Ruiz Amado.
260 _aBarcelona :
_bLibrería Religiosa,
_c1924.
300 _aXVI, 744 p. ;
_c22 cm.
650 0 7 _aHistoria eclesiástica
_2embne
_913400
700 1 _aRuiz Amado, Ramón.
_9100651
852 _aES-MaACL
_jD-2743
_9R.143867
999 _c169266
_d169266